| 000 | 00676cab a2200217 4500 | ||
|---|---|---|---|
| 001 | WB2945-44 | ||
| 008 | 090401t1993 xxu||||| |||| 00| 0 eng d | ||
| 035 | _a(Sirsi) u36879 | ||
| 041 | _aeng | ||
| 245 | _aBoost for Scottish business rate payers | ||
| 260 | _c1993 | ||
| 350 | _a0 | ||
| 490 |
_aScottish Office Information Directorate _v(1830/93) 30 Novembe 1993, (6) |
||
| 520 | _aScottish ratepayers will benefit from harmonisation of business rates in 1994/95 as announced in November 1993 Budget. | ||
| 650 | _aBUSINESS RATES | ||
| 650 | _aSCOTLAND | ||
| 650 | _aUNIFORM BUSINESS RATES | ||
| 690 | _aRATING AND VALUATION | ||
| 942 | _n0 | ||
| 948 | _c04/03/1997 | ||
| 999 |
_c23865 _d23865 |
||